|
|
|
|
| LEADER |
00000nam0a2200000 4500 |
| 001 |
371291 |
| 005 |
20231102012350.0 |
| 035 |
|
|
|a (RuTPU)RU\TPU\retro\28701
|
| 090 |
|
|
|a 371291
|
| 100 |
|
|
|a 20221010d1978 m y0rusy50 ca
|
| 101 |
0 |
|
|a rus
|
| 102 |
|
|
|a RU
|
| 105 |
|
|
|a a j 001zy
|
| 200 |
1 |
|
|a Анализ и оценка надежности авиационных двигателей на этапе проектирования
|e учебное пособие
|f В. В. Косточкин, Н. М. Спорягина
|g Московский авиационный институт
|
| 210 |
|
|
|a Москва
|c [Б. и.]
|d 1978
|
| 215 |
|
|
|a 66 с.
|c ил.
|
| 320 |
|
|
|a Библиогр.: с. 64
|
| 606 |
1 |
|
|a Авиационные двигатели
|x Проектирование
|2 stltpush
|3 (RuTPU)RU\TPU\subj\216
|9 29214
|
| 610 |
1 |
|
|a надежность
|
| 610 |
1 |
|
|a высоконадежные двигатели
|
| 610 |
1 |
|
|a узлы
|
| 610 |
1 |
|
|a создание
|
| 610 |
1 |
|
|a конструктивные способы
|
| 610 |
1 |
|
|a производственные способы
|
| 610 |
1 |
|
|a схемная надежность
|
| 610 |
1 |
|
|a анализ
|
| 610 |
1 |
|
|a эксплуатационные свойства
|
| 610 |
1 |
|
|a повышение
|
| 610 |
1 |
|
|a прочность
|
| 610 |
1 |
|
|a оценка
|
| 610 |
1 |
|
|a техническое состояние
|
| 610 |
1 |
|
|a диагностика
|
| 610 |
1 |
|
|a учебные пособия
|
| 675 |
|
|
|a 621.431.75.001(075.8)
|v 4
|
| 700 |
|
1 |
|a Косточкин
|b В. В.
|g Владимир Васильевич
|
| 701 |
|
1 |
|a Спорягина
|b Н. М.
|g Наталия Михайловна
|
| 712 |
0 |
2 |
|a Московский авиационный институт
|c (1930- )
|2 stltpush
|3 (RuTPU)RU\TPU\col\3642
|9 23867
|
| 801 |
|
1 |
|a RU
|b 63413507
|c 20221010
|
| 801 |
|
2 |
|a RU
|b 63413507
|c 20221010
|g RCR
|
| 942 |
|
|
|c BK
|